000 01829nam0a2200409 4500
001 RU\NLR\bibl\1749139
005 20250616115908.0
010 _a978-5-317-03522-8
_9500
021 _aRU
_b2011-15532
_91099
035 _a(nilc)RSL-KNO-004903111
035 _a(NLR Aleph) 001740008
090 _a1453368
_c1453368
100 _a20110314d2010 |||y0rusy50 ca
101 0 _arus
102 _aRU
105 _aa |||||||||
200 1 _aАктуальные вопросы дополнительного образования в процессе профильной предвузовской подготовки старшеклассников
_eмонография
_fВ.Б. Тверской
210 _aМосква
_cМАКС Пресс
_d2010
215 _a98, [2] с.
_d21
320 _aБиблиогр.: с. 93-99 (106 назв.)
606 1 _aШкольники старших классов
_xПредвузовская подготовка
_92625488
_3RU\NLR\auth\661562048
606 1 _aШколы
_xПрофильное обучение
_xИнформационные технологии
_92105303
_3RU\NLR\AUTH\661576474
606 1 _aУчреждения дополнительного образования детей
_xПрофильное обучение
_xИнформационные технологии
_92625490
_3RU\NLR\AUTH\661562050
686 _aЧ421,6(2)204,0
_2rubbk
686 _aЧ421,6(2)26,0
_2rubbk
686 _aЧ481.442.1
686 _aЧ421.202.5
686 _aЧ421.387
700 1 _aТверской
_bВ. Б.
_gВасилий Борисович
_4070
801 0 _aRU
_bRuMoRKP
_c20110314
_grcr
801 1 _aRU
_bRuMoRGB
_c20110314
801 2 _aRU
_bNLR
_c20110322
_grcr
830 _aавт. по кн.
942 _cBOOK
980 _aNB